Phantom army of the Civil War : and other Southern ghost stories / compiled and edited by Frank Spaeth from the files of Fate magazine.
Presents thirty-five accounts of encounters with ghosts and other phantoms in the American South.
Record details
- ISBN: 0785812873
- ISBN: 9780785812876
- Physical Description: xii, 238 pages ; 22 cm
- Publisher: Edison, NJ : Castle Books, 2000.
Content descriptions
| General Note: | "The stories were selected from articles previously published in Fate Magazine."--Introduction. "Reprinted by agreement and permission of Llewellyn Publications."--Title page verso. |
| Formatted Contents Note: | Introduction -- Phantom Army of the Civil War -- Alabama -- If Ghosts Could Kill -- The Ghost Who Graduated -- The Uneasy Dead at Fort Mims -- The Hauted Capitol -- The Face in the Courthouse Window -- Arkansas -- 20 Years Later -- Poltergeist or Prankster -- Florida -- The Ashley's Restaurant Investigation -- The Ghost of Odka -- Our Ghost Did Not Approve -- The Trouble With Eden -- Georgia -- Georgia's Supernatural Sites -- The Haunts of Hell's Holler -- The Ghost of Miss Mary -- Louisiana -- Ghosts of the Old New Orleans Jail -- My Friend, the Black Ghost Child -- Noisy Phantom of the Louisiana Swamp -- Maryland -- Detente with a Ghost -- Our Friendly Peg-Legged Poltergeist -- The Pottery Went A-Dancing -- South Carolina -- The Ghost of Mr. Cheatham -- The Plantation's Loving Ghost -- Haunted House in South Carolina -- Tennessee -- The Ghost of Brinkley College -- Murderer Reappears After 200 Years -- The Ghost of Crazy Horse Hollow -- Texas -- The Ghost of the Alamo -- Mama Buried the Haunted Bone -- Spectral Nun Warns of Death -- Virginia -- We Live With Restless Spirits -- The Ghost with the Golden Hair -- The Ghost with the Rose in Her Hair -- West Virginia -- Ghosts Who Named a Town -- I Guess I Saw a Ghost |
Search for related items by subject
| Subject: | Ghosts > Southern States. Haunted houses > Southern States. Southern States. |
Available copies
- 1 of 1 copy available at scottsboropl.
Holds
- 0 current holds with 1 total copy.
Show Only Available Copies
| Location | Call Number / Copy Notes | Barcode | Shelving Location | Status | Due Date |
|---|---|---|---|---|---|
| scottsboropl | F Pha | 32269001175234 | Adult - Fiction | Available | - |
| LDR | 03011cam a2200445Ia 4500 | ||
|---|---|---|---|
| 001 | 156794 | ||
| 003 | SBPL | ||
| 005 | 20211025120753.0 | ||
| 008 | 000728r20001997mnu 000 0 eng d | ||
| 020 | . | ‡a0785812873 | |
| 020 | . | ‡a9780785812876 | |
| 035 | . | ‡a(OCoLC)44676918 | |
| 035 | . | ‡a(OCoLC)44676918 | |
| 043 | . | ‡an-usu-- | |
| 050 | 4. | ‡aBF1472.U6 ‡bP43 2000 | |
| 082 | 0 | 4. | ‡a133.12 |
| 245 | 0 | 0. | ‡aPhantom army of the Civil War : ‡band other Southern ghost stories / ‡ccompiled and edited by Frank Spaeth from the files of Fate magazine. |
| 260 | . | ‡aEdison, NJ : ‡bCastle Books, ‡c2000. | |
| 300 | . | ‡axii, 238 pages ; ‡c22 cm | |
| 336 | . | ‡atext ‡btxt ‡2rdacontent | |
| 337 | . | ‡aunmediated ‡bn ‡2rdamedia | |
| 338 | . | ‡avolume ‡bnc ‡2rdacarrier | |
| 500 | . | ‡a"The stories were selected from articles previously published in Fate Magazine."--Introduction. | |
| 500 | . | ‡a"Reprinted by agreement and permission of Llewellyn Publications."--Title page verso. | |
| 520 | . | ‡aPresents thirty-five accounts of encounters with ghosts and other phantoms in the American South. | |
| 505 | 0 | 0. | ‡aIntroduction -- Phantom Army of the Civil War -- Alabama -- If Ghosts Could Kill -- The Ghost Who Graduated -- The Uneasy Dead at Fort Mims -- The Hauted Capitol -- The Face in the Courthouse Window -- Arkansas -- 20 Years Later -- Poltergeist or Prankster -- Florida -- The Ashley's Restaurant Investigation -- The Ghost of Odka -- Our Ghost Did Not Approve -- The Trouble With Eden -- Georgia -- Georgia's Supernatural Sites -- The Haunts of Hell's Holler -- The Ghost of Miss Mary -- Louisiana -- Ghosts of the Old New Orleans Jail -- My Friend, the Black Ghost Child -- Noisy Phantom of the Louisiana Swamp -- Maryland -- Detente with a Ghost -- Our Friendly Peg-Legged Poltergeist -- The Pottery Went A-Dancing -- South Carolina -- The Ghost of Mr. Cheatham -- The Plantation's Loving Ghost -- Haunted House in South Carolina -- Tennessee -- The Ghost of Brinkley College -- Murderer Reappears After 200 Years -- The Ghost of Crazy Horse Hollow -- Texas -- The Ghost of the Alamo -- Mama Buried the Haunted Bone -- Spectral Nun Warns of Death -- Virginia -- We Live With Restless Spirits -- The Ghost with the Golden Hair -- The Ghost with the Rose in Her Hair -- West Virginia -- Ghosts Who Named a Town -- I Guess I Saw a Ghost |
| 650 | 0. | ‡aGhosts ‡zSouthern States. | |
| 650 | 0. | ‡aHaunted houses ‡zSouthern States. | |
| 651 | 7. | ‡aSouthern States. | |
| 700 | 1 | . | ‡aSpaeth, Frank, ‡d1971- |
| 730 | 0 | . | ‡aFate (Chicago, Ill.) |
| 901 | . | ‡a156794 ‡b ‡c156794 ‡tbiblio | |